[Event "33rd ECCC Open 2017"]
[Site "Antalya"]
[Date "2017.10.16"]
[Round "7"]
[White "Kveinys, Aloyzas"]
[Black "Johannesson, Oliver"]
[Result "1-0"]
[WhiteElo "2535"]
[BlackElo "2273"]
[Annotator "TA"]
[PlyCount "97"]
[EventType "team-tourn"]
[EventCountry "TUR"]
[SourceTitle "playchess.com"]
[Source "ChessBase"]
[SourceQuality "1"]
[WhiteTeam "Riga"]
[BlackTeam "Fjolnir"]

{[%evp 20,97,46,19,43,39,41,39,38,16,9,0,41,39,45,49,40,36,40,28,41,45,43,40,45,45,55,60,50,58,67,57,63,63,63,64,63,65,102,104,116,104,86,97,149,139,199,160,304,295,416,416,412,411,424,412,403,396,432,316,543,541,708,701,683,525,691,674,564,541,1416,1534,969,812,2258,2168,1817,880,1980,1949]} 1. d4 Nf6 2. c4 e6 3. Nc3 Bb4 4. e3 O-O 5. Bd3 c5 6. Nf3 d5 7. O-O Nc6 8. cxd5 exd5 9. dxc5 Bxc5 10. h3 a6 11. Ne2 {LiveBook: 6 Games. E56: Nimzo-Indian: Rubinstein: Main Line: 7...Nc6} Qe7 12. b3 Ne4 $146 ({Predecessor:} 12... Be6 13. Bb2 Ba3 14. Qc1 Bd6 15. Qb1 h6 16. Ned4 Nxd4 17. Bxd4 Ba3 18. Bb2 Bd6 19. Bd4 Ba3 20. Bb2 Bd6 21. Bd4 {½-½ (21) Grigoriants,S (2581)-Saduakassova,D (2348) Taganrog 2014}) 13. Bb2 {White is slightly better.} Bf5 14. Ned4 Nxd4 15. Bxd4 Bxd4 16. Nxd4 Bd7 17. Qh5 Nf6 18. Qe2 Rac8 19. Rfd1 Rc7 20. Qb2 Rfc8 21. Ne2 Qb4 22. Rd2 Bb5 23. Bxb5 Qxb5 24. Nf4 h6 25. Rad1 {[%cal Rf4d5]} Rc5 26. b4 $36 {[%mdl 2048] White has the initiative.} Rc4 27. a3 {[%cal Rf4d5]} Rd8 28. Qe5 {[%cal Rf4d5]} d4 29. Qxb5 axb5 30. Rxd4 Rdxd4 31. Rxd4 $16 {[%mdl 4096] Endgame KRN-KRN} Rc1+ (31... Rxd4 $142 32. exd4 Kf8) 32. Kh2 Rc2 (32... Kf8 $16 {is a better defense.} 33. Rd8+ Ke7) 33. Kg3 Rc3 (33... Kf8 $16 34. Kf3 Rc6) 34. Nd5 $18 Rxa3 (34... Nxd5 {was necessary.} 35. Rxd5 Rxa3 36. Rxb5 Ra7) 35. Nxf6+ gxf6 {KR-KR} 36. Rd5 Rc3 37. Rxb5 Rc7 38. Kf4 Kg7 39. e4 Kg6 $2 {[#]} (39... Rc2 {might work better.} 40. f3 (40. Rxb7 Rxf2+ 41. Kg3 Rb2 $18) 40... Rxg2 41. Rxb7 Rh2) 40. g4 {White is clearly winning.} Rd7 41. h4 {[%cal Bh3h4,Bh4h5][%mdl 32]} Rc7 42. Rb6 Kg7 43. h5 Re7 44. f3 {[%cal Bf2f3,Bf3f4][%mdl 32]} Rc7 45. Kf5 Rc3 46. f4 Rc7 47. Rxf6 Rd7 48. Rb6 Rc7 49. e5 {Precision: White = 81%, Black = 29%.} 1-0

[Event "33rd ECCC Open 2017"]
[Site "Antalya"]
[Date "2017.10.14"]
[Round "7"]
[White "Sprenger, Jan Michael"]
[Black "Sanal, Vahap"]
[Result "1/2-1/2"]
[WhiteElo "2513"]
[BlackElo "2549"]
[Annotator "TA"]
[PlyCount "61"]
[EventType "team-tourn"]
[EventCountry "TUR"]
[SourceTitle "playchess.com"]
[Source "ChessBase"]
[SourceQuality "1"]
[WhiteTeam "Leiden"]
[BlackTeam "Besiktas"]

{[%evp 27,61,10,10,2,37,35,47,49,45,0,0,0,0,0,0,0,0,0,0,-2,15,11,15,16,22,21,47,52,46,44,44,32,35,43,43,0]} 1. e4 e5 2. Nf3 Nc6 3. Bb5 a6 4. Ba4 Nf6 5. O-O Be7 6. Re1 b5 7. Bb3 O-O 8. c3 d6 {[%cal Bd7d6,Bd6d5][%mdl 32]} 9. h3 Na5 10. Bc2 d5 {C96: Closed Ruy Lopez: Chigorin Defence: 11 d4, replies other than 11...Qc7} (10... c5 11. d4 Nd7 12. Nbd2 exd4 13. cxd4 Nc6 14. d5 Nce5 15. a4 Bb7 16. Nxe5 Nxe5 17. f4 Ng6 18. Nf3 Re8 19. axb5 axb5 20. Rxa8 Qxa8 21. b3 Bd8 22. f5 Nf8 {1-0 (54) Shirov,A (2630)-Howell,D (2701) Douglas 2017}) 11. d4 dxe4 12. Nxe5 c5 13. Nd2 cxd4 14. Nxe4 dxc3 {LiveBook: 7 Games} 15. Nxc3 Bb7 $146 ({Predecessor:} 15... Qxd1 16. Rxd1 Bb7 17. Be3 b4 18. Na4 {1-0 (54) Korchagina,V (2172)-Agrest,I (2148) Narva 2009}) 16. Bg5 h6 17. Bxf6 Bxf6 18. Qg4 {[#] aiming for Qf5.} Bxe5 $1 19. Qf5 {[%csl Gc2][%cal Rf5h7]} g6 20. Qxe5 Nc4 21. Qe7 Bc6 22. b3 Qxe7 23. Rxe7 Na3 24. Be4 Rfc8 25. Rd1 Kf8 26. Bxc6 Rxc6 27. Rdd7 {White is slightly better.} Rxc3 28. Rxf7+ Kg8 29. Rg7+ {[%mdl 1024] White has compensation.} Kh8 30. Rh7+ Kg8 31. Rhg7+ {Precision: White = 84%, Black = 67%.} 1/2-1/2

[Event "33rd ECCC Open 2017"]
[Site "Antalya"]
[Date "2017.10.14"]
[Round "7"]
[White "Valsecchi, Alessio"]
[Black "Khairullin, Ildar"]
[Result "0-1"]
[WhiteElo "2508"]
[BlackElo "2614"]
[Annotator "TA"]
[PlyCount "78"]
[EventType "team-tourn"]
[EventCountry "TUR"]
[SourceTitle "playchess.com"]
[Source "ChessBase"]
[SourceQuality "1"]
[WhiteTeam "Padova"]
[BlackTeam "Mednyi Vsadnik"]

{[%evp 18,78,-70,-61,-69,-79,-60,-71,-59,-74,-54,-61,-31,-93,-87,-91,-81,-127,-105,-124,-130,-113,-115,-115,-110,-216,-216,-207,-199,-218,-216,-218,-216,-216,-216,-216,-213,-534,-527,-653,-641,-972,-888,-1004,-1004,-1015,-1009,-999,-996,-1002,-987,-1353,-1295,-1458,-1410,-1595,-1456,-29984,-29984,-29985,-29986,-29986,-29986]} 1. Nf3 Nf6 2. c4 e6 3. g3 d5 4. Bg2 d4 5. O-O c5 6. b4 {A13: English Opening: 1...e6} (6. e3 Nc6 7. d3 Bd6 8. exd4 cxd4 9. a3 a5 10. Bg5 h6 11. Bxf6 Qxf6 12. Nbd2 Qe7 13. Ne4 Bc7 14. b4 axb4 15. axb4 Rxa1 16. Qxa1 Qxb4 {½-½ (30) Nakamura,H (2792)-Fedoseev,V (2731) Tbilisi 2017}) 6... cxb4 7. a3 Nc6 8. d3 a5 9. Nbd2 e5 10. axb4 {LiveBook: 4 Games} Bxb4 11. Ba3 Bxa3 12. Rxa3 O-O 13. Qa1 Qc7 $146 ({Predecessor:} 13... Nd7) 14. Rb1 Nd7 15. Ne1 (15. Ne4 $15) 15... b6 $17 16. Nc2 Bb7 17. Ne4 h6 18. Rab3 f5 {[%cal Bf7f5,Bf5f4][%mdl 32] Strongly threatening ...Nb4.} 19. Nd2 Nd8 {[%cal Bc6d8,Bd8b7,Bb7c5][%mdl 32]} 20. Bxb7 Nxb7 21. Qa3 (21. Ra3 $17) 21... Nbc5 $19 22. Rb5 f4 23. Ne1 Rf6 24. Qa2 Raf8 25. Nef3 {[#]} fxg3 $1 26. hxg3 Kh8 27. Nb3 $2 {[#]} (27. Rf1 {is more resistant.}) 27... Nxd3 $1 {[%mdl 512]} 28. exd3 Rxf3 29. Qe2 a4 30. Nd2 Rxf2 31. Qxf2 Rxf2 32. Kxf2 Nc5 33. Rxb6 Nxd3+ 34. Ke2 Nc5 35. Rb8+ Kh7 36. Re8 e4 37. Rbb8 Qxg3 {Black mates.} 38. Rh8+ Kg6 39. Rb6+ Kf7 {Precision: White = 36%, Black = 78%.} 0-1

[Event "33rd ECCC Open 2017"]
[Site "Antalya"]
[Date "2017.10.14"]
[Round "7"]
[White "Johannessen, Leif Erlend"]
[Black "Sylvan, Jacob"]
[Result "1/2-1/2"]
[WhiteElo "2496"]
[BlackElo "2363"]
[Annotator "TA"]
[PlyCount "68"]
[EventType "team-tourn"]
[EventCountry "TUR"]
[SourceTitle "playchess.com"]
[Source "ChessBase"]
[SourceQuality "1"]
[WhiteTeam "Oslo"]
[BlackTeam "Nordkalotten"]

{[%evp 29,68,0,0,-19,5,0,4,6,1,0,0,0,0,0,0,0,0,0,0,0,0,0,0,0,0,0,0,0,0,0,0,0,0,0,0,0,0,0,0,-4,0]} 1. d4 d5 2. Nf3 Nf6 3. c4 c6 4. Nc3 e6 5. e3 Nbd7 6. Qc2 Bd6 7. b3 O-O 8. Be2 b6 9. O-O Bb7 10. Bb2 Qe7 11. Rad1 Rad8 12. Rfe1 Rfe8 13. Bf1 {D45: Semi-Slav: 5 e3} (13. h3 h6 14. Qb1 Bb4 15. Rf1 Bd6 16. Rfe1 Bb4 17. Rf1 Bd6 {½-½ (17) Ivanchuk,V (2728)-Duda,J (2707) Tbilisi 2017}) 13... e5 14. dxe5 Nxe5 15. Nxe5 Bxe5 {LiveBook: 7 Games. The position is equal.} 16. g3 c5 $146 (16... dxc4 {feels hotter.} 17. Bxc4 h5 18. Rxd8 Qxd8 19. Rd1 Qe7) ({Predecessor:} 16... dxc4 17. bxc4 c5 18. Bg2 Bxg2 19. Kxg2 h5 20. Kg1 Qe6 {0-1 (42) Machlik,M (2060)-Travkina,A (2222) Moscow 2016}) 17. cxd5 Nxd5 18. Nxd5 Rxd5 19. Bg2 (19. Rxd5 {seems wilder.} Bxd5 20. Qd3 Bc6 21. Bxe5 Qxe5 22. Bg2) 19... Rxd1 20. Rxd1 Bxg2 21. Kxg2 Bxb2 22. Qxb2 $11 {[%mdl 4096] Endgame KQR-KQR} Rd8 {[#]} 23. Qe5 $1 {[%mdl 512]} Kf8 (23... Qxe5 24. Rxd8+) 24. Rxd8+ Qxd8 {KQ-KQ} 25. Qe4 g6 26. Qb7 Qe7 27. Qc6 Kg7 28. h4 h5 29. a4 Qe6 30. Qb5 a6 31. Qd3 Qc6+ 32. Kf1 b5 33. axb5 axb5 34. Ke2 Kg8 {Precision: White = 68%, Black = 80%.} 1/2-1/2

[Event "33rd ECCC Open 2017"]
[Site "Antalya"]
[Date "2017.10.14"]
[Round "7"]
[White "Bokros, Albert"]
[Black "Kvisvik, Brede"]
[Result "1/2-1/2"]
[WhiteElo "2482"]
[BlackElo "2296"]
[Annotator "TA"]
[PlyCount "131"]
[EventType "team-tourn"]
[EventCountry "TUR"]
[SourceTitle "playchess.com"]
[Source "ChessBase"]
[SourceQuality "1"]
[WhiteTeam "Dunajska Streda"]
[BlackTeam "Valerenga"]

{[%evp 12,131,13,10,35,23,24,27,44,0,-2,-9,-4,-35,-39,-45,-8,-8,23,-57,-47,-34,-8,0,35,31,39,22,27,0,27,0,-6,-44,-39,-43,-37,-48,-9,0,0,0,141,146,126,131,162,154,161,127,131,135,124,121,126,117,116,90,109,112,98,87,112,97,155,169,262,261,305,258,243,231,368,361,402,350,385,252,402,402,402,402,402,402,402,402,402,402,402,402,402,402,402,402,402,402,402,402,402,402,402,402,402,0,402,402,402,402,402,402,402,402,402,402,402,0,0,0,0,0,0,0]} 1. e4 c5 2. Nf3 d6 3. d4 cxd4 4. Nxd4 Nf6 5. Nc3 a6 6. h3 e5 7. Nde2 h5 {B90: Sicilian Najdorf: Unusual White 6th moves, 6 Be3 Ng4 and 6 Be3 e5} 8. g3 Be7 (8... Nbd7 9. Bg2 b5 10. Nd5 Nxd5 11. Qxd5 Qc7 12. Be3 Bb7 13. Qd2 Rc8 14. Nc3 Nb6 15. Bxb6 Qxb6 {½-½ (33) Nakamura,H (2792)-Vachier Lagrave,M (2791) Saint Louis 2017}) 9. Bg2 b5 {White has an edge.} 10. Be3 Bb7 11. O-O Nbd7 12. f4 Rc8 13. Nd5 Nxd5 14. exd5 Bf6 $146 ({Predecessor:} 14... h4 15. g4 exf4 16. Nxf4 Ne5 {1-0 (36) Geirnaert,S (2454)-Bianchi,G (2110) Bruges 2017}) 15. Nc3 (15. a4 $11) 15... exf4 $15 16. Bxf4 Be5 17. Ne4 {[%cal Bc3e4,Be4g3,Bg3f5,Bf5e3][%mdl 32]} Qb6+ 18. Kh1 Bxf4 19. gxf4 Rh6 20. Ng3 Kf8 21. c3 $36 {[%mdl 2048] White is more active.} Nf6 22. Qd3 Qc5 {[%cal Rb7d5]} 23. Rad1 Rg6 24. Nf5 Rxg2 25. Kxg2 Bxd5+ 26. Kh2 {Hoping for Qg3.} g6 (26... Re8 $11) 27. Ne3 $16 Bxa2 28. Qxd6+ Kg7 29. Qxc5 Rxc5 30. Ra1 Bc4 31. Nxc4 Rxc4 32. Rxa6 {[%mdl 4096] Endgame KRR-KRN} Re4 33. Rf2 {Strongly threatening Rb6.} b4 34. Rd6 bxc3 35. bxc3 Re3 36. Rc2 {And now c4 would win.} Ne4 37. Rc6 h4 ({Black should play} 37... Ng3) 38. c4 Ng3 (38... g5 $142) 39. c5 $18 Nf5 40. Rc8 Nd4 {[#]} 41. Rc4 $1 {[%cal Rc4d4]} Rd3 (41... Nf3+ $142 42. Kg2 Nd2) 42. Kg2 Nf5 {White must now prevent ...Ne3+.} 43. Kf2 Rxh3 44. Re8 {aiming for c6.} Ra3 {[#]} (44... Rg3 {was called for.} 45. c6 h3) 45. c6 $1 {[%cal Rc6c7]} Nd6 46. c7 Nxe8 47. c8=Q Nd6 48. Qc5 Nxc4 49. Qxc4 {KQ-KR} Kg8 50. Kg2 Ra5 51. Qc8+ Kh7 52. Qc7 Rf5 53. Kh3 Kg7 54. Kxh4 Kh7 55. Kg4 Kg7 56. Qd6 Kg8 57. Kf3 $2 (57. Qd4 $18) 57... Kg7 $2 {[%mdl 8192]} (57... g5 $1 $11 {and Black is okay.} 58. Kg3 gxf4+ 59. Kg4 Rb5 60. Qd8+ Kg7 61. Qd4+ Kg8) 58. Ke4 Kg8 59. Qc7 Kg7 60. Qb8 Rh5 61. Qb2+ Kg8 62. Qf6 Rf5 63. Qxf5 $2 (63. Qd6 $18) 63... gxf5+ $11 {The position is equal.} 64. Kxf5 Kg7 65. Kg5 f6+ 66. Kh5 {Precision: White = 69%, Black = 55%.} 1/2-1/2

[Event "33rd ECCC Open 2017"]
[Site "Antalya"]
[Date "2017.10.14"]
[Round "7"]
[White "Christiansen, Johan-Sebastian"]
[Black "Nemeth, Miklos"]
[Result "0-1"]
[WhiteElo "2462"]
[BlackElo "2489"]
[Annotator "TA"]
[PlyCount "58"]
[EventType "team-tourn"]
[EventCountry "TUR"]
[SourceTitle "playchess.com"]
[Source "ChessBase"]
[SourceQuality "1"]
[WhiteTeam "Valerenga"]
[BlackTeam "Dunajska Streda"]

{[%evp 18,58,66,36,50,37,40,33,39,0,0,0,0,0,0,0,13,0,0,-4,2,0,0,-2,0,0,0,0,0,-18,0,-230,-232,-557,-549,-1375,-1358,-1282,-1280,-29993,-29994,-29994,-29994]} 1. c4 e5 2. g3 Nf6 3. Bg2 d5 4. cxd5 Nxd5 5. Nf3 Nc6 6. O-O Nb6 7. b3 {A20: English Opening: 1...e5} (7. Nc3 Be7 8. Rb1 a5 9. d3 O-O 10. Be3 Be6 11. a3 Nd5 12. Nxd5 Bxd5 13. Rc1 a4 14. Qc2 Re8 15. Rfe1 f5 16. Bc5 Bf6 17. e4 fxe4 18. dxe4 Bb3 19. Qc3 Qd7 20. Bf1 Red8 21. Bc4+ Bxc4 22. Qxc4+ {1-0 (82) Karjakin,S (2781)-Vachier Lagrave,M (2796) Paris 2017}) 7... Be7 8. Bb2 Bf6 9. Nc3 Bf5 10. d3 {LiveBook: 3 Games} O-O 11. Rc1 Qd7 12. Nd2 Bh3 13. Nce4 (13. Bxc6 $5 Qxc6 14. Nce4 $14) 13... Be7 14. Nc5 Bxc5 $1 15. Bxh3 $146 ({Predecessor:} 15. Rxc5 Bxg2 16. Kxg2 {½-½ (50) Lee,C (1938)-Raphael,C (1908) Port of Spain 2010}) 15... Qxh3 16. Rxc5 Rfe8 17. Nf3 {[%cal Rf3e5]} f6 18. b4 {[%cal Bb3b4,Bb4b5][%mdl 32]} Rac8 19. b5 Nd8 {[%cal Bc6d8,Bd8e6,Be6f4][%mdl 32]} 20. a4 {[%cal Ba2a4,Ba4a5][%mdl 32]} Ne6 21. Rc1 Rcd8 22. Qb3 Kh8 23. a5 Nd5 24. Rc4 $2 {[#]} (24. Rc2 $1 $11 {and White has nothing to worry.}) 24... Nef4 $1 $19 {[%mdl 512] [#]} 25. gxf4 $2 {[#]} (25. Rxf4 $1 {[%mdl 512]} exf4 (25... Nxf4 26. gxf4) 26. Re1) 25... e4 $1 26. Bc1 exf3 27. exf3 f5 {( -> ...Re6)} 28. Bb2 Re6 29. Bxg7+ Kxg7 {Precision: White = 38%, Black = 77%.} 0-1

[Event "33rd ECCC Open 2017"]
[Site "Antalya"]
[Date "2017.10.15"]
[Round "7"]
[White "Georgescu, Tiberiu-Marian"]
[Black "Kryvoruchko, Yuriy"]
[Result "0-1"]
[WhiteElo "2459"]
[BlackElo "2692"]
[Annotator "TA"]
[PlyCount "74"]
[EventType "team-tourn"]
[EventCountry "TUR"]
[SourceTitle "playchess.com"]
[Source "ChessBase"]
[SourceQuality "1"]
[WhiteTeam "Baia Mare"]
[BlackTeam "Alkaloid"]

{[%evp 19,74,3,6,-28,-23,-43,-43,-69,-69,-164,-178,-172,-158,-344,-161,-164,-162,-199,-193,-197,-197,-192,-195,-312,-305,-295,-294,-304,-304,-300,-293,-289,-258,-304,-289,-382,-364,-495,-495,-495,-495,-495,-495,-490,-487,-502,-500,-486,-417,-582,-582,-557,-555,-685,-676,-1448,-1420]} 1. d4 Nf6 2. c4 e6 3. Nc3 Bb4 4. Qc2 O-O 5. Nf3 c5 6. dxc5 Na6 {[%cal Bb8a6,Ba6c5,Bc5e4][%mdl 32]} 7. g3 Nxc5 8. Bg2 Nce4 9. O-O Bxc3 {E39: Nimzo-Indian: Classical: 4...c5 5 dxc5 0-0} (9... Nxc3 10. bxc3 Be7 11. Rd1 Qc7 12. Qd3 d6 13. Ba3 Rd8 14. Rab1 Rb8 15. h3 b6 16. Nd4 Bd7 17. e4 Bf8 18. g4 Ba4 {0-1 (35) Mamedyarov,S (2747)-Wojtaszek,R (2727) Huaian 2016}) 10. bxc3 Qc7 {LiveBook: 7 Games} 11. a4 $146 ({Predecessor:} 11. Nd4 d5 12. cxd5 exd5 13. Ba3 Re8 14. Rac1 Bd7 15. Qb2 Rac8 16. e3 b6 17. Ne2 {½-½ (70) Aczel,G (2506)-Teplyi,I (2431) Copenhagen 2016}) 11... Qxc4 {Black has an edge.} 12. Ba3 Re8 ({Reject} 12... Nxc3 $6 13. Rac1 $16) 13. Nd4 d5 14. Rfb1 (14. Qd3 $1 $15) 14... e5 $19 ({Don't take} 14... Qxc3 15. Qd3 $17) ({And not} 14... Nxc3 15. Rb4 $16) 15. Nb5 Bf5 $36 {[%mdl 2048] White is under strong pressure.} 16. f3 $2 {[#]} (16. Qa2 $17 {was necessary.} Qc6 17. Bxe4 Bxe4 18. Rc1) 16... a6 (16... Nxg3 $142 $1 {[%mdl 512]} 17. e4 (17. hxg3 Bxc2) 17... Ne2+ 18. Kh1 dxe4) 17. fxe4 Nxe4 18. Qd3 {Hoping for Qxc4.} axb5 19. Qxc4 bxc4 20. Bxe4 Bxe4 21. Rxb7 (21. Rb4 $142) 21... Rxa4 22. Bb2 Rxa1+ 23. Bxa1 {[%mdl 4096] Endgame KRB-KRB} f6 24. Kf2 Ra8 25. Bb2 Ra2 26. Ke3 Bc2 27. Bc1 Bb3 28. Rd7 Rc2 29. Bd2 {[#]} d4+ $1 30. cxd4 c3 {[%cal Bc4c3,Bc3c2][%mdl 32]} 31. Be1 Bc4 32. Kf3 Bxe2+ 33. Ke4 Rc1 34. Bf2 c2 {aiming for ...Re1!Black is clearly winning.} 35. Rc7 Rd1 36. Be3 exd4 37. Bf4 g5 {Precision: White = 24%, Black = 68%.} 0-1

[Event "33rd ECCC Open 2017"]
[Site "Antalya"]
[Date "2017.10.14"]
[Round "7"]
[White "Varga, Zoltan"]
[Black "Bryn, Askild"]
[Result "1-0"]
[WhiteElo "2451"]
[BlackElo "2060"]
[Annotator "TA"]
[PlyCount "59"]
[EventType "team-tourn"]
[EventCountry "TUR"]
[SourceTitle "playchess.com"]
[Source "ChessBase"]
[SourceQuality "1"]
[WhiteTeam "Dunajska Streda"]
[BlackTeam "Valerenga"]

{[%evp 22,59,46,39,35,-8,25,7,11,11,35,33,37,28,38,33,43,45,45,36,39,8,2,8,39,46,104,93,139,149,193,173,182,183,372,370,350,353,447,427]} 1. e4 c6 2. c4 d5 3. cxd5 cxd5 4. exd5 Nf6 5. Bb5+ Nbd7 6. Nc3 g6 7. d4 Bg7 8. d6 exd6 9. Qe2+ Qe7 10. Bf4 Qxe2+ 11. Bxe2 Ke7 12. Bf3 Nb6 {B14: Caro-Kann: Panov-Botvinnik Attack with 5...e6 and 5...g6} 13. O-O-O (13. Nge2 Rd8 14. O-O Rb8 15. Rfe1 a6 16. Rac1 h6 17. h4 Be6 18. a4 Kf8 19. a5 Nbd5 20. Nxd5 Bxd5 21. Nc3 Bxf3 22. gxf3 {0-1 (75) Smerdon,D (2470)-Ruck,R (2574) Beijing 2008}) 13... d5 14. h3 Be6 {The position is equal.} 15. Nge2 {[%cal Bg1e2,Be2c3,Bc3b5,Bb5d6][%mdl 32]} Rac8 $146 ({Predecessor:} 15... Rhd8 16. Rhe1 Kf8 17. g4 Rac8 18. Kb1 a6 19. Bg3 {1-0 (62) Van de Oudeweetering,A (2345)-Bartels,H (2395) Enschede 1990}) 16. Kb1 Bf5+ 17. Ka1 Ne4 18. g4 Nxc3 19. Nxc3 Be6 20. Rhe1 {Threatens to win with Nxd5+.} Kd7 21. Nb5 Rc2 22. Re2 $36 {[%mdl 2048] White is more active.} Rxe2 23. Bxe2 Rc8 (23... Nc8 $14) 24. Kb1 $16 ({Don't play} 24. Nxa7 $6 Rc2 $11) 24... a6 25. Nd6 Ra8 26. Nxb7 Na4 27. Rd3 Kc6 $2 {[#]} (27... Nb6 {might work better.} 28. Nc5+ Ke7 29. Bg5+ Kf8) 28. Na5+ $18 Kd7 29. Rb3 Bf8 30. Rb7+ {Precision: White = 59%, Black = 36%.} 1-0

[Event "33rd ECCC Open 2017"]
[Site "Antalya"]
[Date "2017.10.14"]
[Round "7"]
[White "Petenyi, Tamas"]
[Black "Tari, Aryan"]
[Result "1-0"]
[WhiteElo "2449"]
[BlackElo "2578"]
[Annotator "TA"]
[PlyCount "79"]
[EventType "team-tourn"]
[EventCountry "TUR"]
[SourceTitle "playchess.com"]
[Source "ChessBase"]
[SourceQuality "1"]
[WhiteTeam "Dunajska Streda"]
[BlackTeam "Valerenga"]

{[%evp 12,79,28,8,36,25,35,27,21,24,16,21,21,14,21,15,21,20,18,15,102,95,92,102,91,95,88,95,158,59,209,200,193,185,235,215,255,196,325,325,321,314,301,309,249,239,237,221,224,216,277,281,260,253,327,322,320,318,309,291,291,278,310,305,365,284,477,468,476,474]} 1. Nf3 d5 2. g3 Nc6 3. d4 Bg4 4. Bg2 Qd7 5. O-O O-O-O 6. Nbd2 {D02: 1 d4 d5 2 Nf3 sidelines, including 2...Nf6 3 g3 and 2...Nf6 3 Bf4} f6 7. c4 {LiveBook: 3 Games} dxc4 8. Nxc4 {White is slightly better.} e5 9. Qa4 $146 {[%cal Rd4e5]} ({Predecessor:} 9. Ne3 Bxf3 10. Bxf3 Qxd4 11. Bxc6 Qxd1 12. Bxb7+ Kxb7 13. Rxd1 Rxd1+ 14. Nxd1 {0-1 (69) Pantsulaia,L (2612)-Baghdasaryan,V (2472) Batumi 2016}) 9... e4 10. d5 $1 {[%cal Rd5c6]} Qxd5 11. Ne3 Qe6 12. Nxg4 exf3 13. Bxf3 Rd4 14. Qb3 $36 {[%mdl 2048] White has the initiative.} Qxb3 15. axb3 Bd6 (15... Nge7 $11 {keeps the balance.}) 16. Ne3 $16 {And now Nc2 would win.} Rb4 17. Bxc6 bxc6 18. Rxa7 Kb8 19. Ra4 Rxb3 (19... Ne7 $142) 20. Nc4 (20. Nf5 $16) 20... Rb4 {[#]} ({Black should play} 20... Ne7 $14) 21. Nxd6 $1 $18 {[%mdl 512]} Rxa4 (21... cxd6 22. Rxb4+) 22. Nf7 {Black must now prevent Rd1.} Re4 23. Nxh8 Re8 24. Rd1 Kc8 (24... Ne7 $142 25. Nf7 Kc8) 25. Be3 Ne7 26. Bc5 Nd5 {[#]} 27. Nf7 $1 Rxe2 28. b4 Re8 29. Kf1 Kd7 30. b5 $1 Rb8 31. bxc6+ Kxc6 32. Ba3 Rb5 33. Bf8 g6 34. Nh6 Kd7 35. Ng4 {Hoping for Nxf6+.} Ke6 36. Ba3 c5 37. Re1+ Kf5 38. Ne3+ Ke4 $2 (38... Nxe3+ {was worth a try.} 39. Rxe3 c4) 39. Nc4+ Kd4 40. Nd6 {Precision: White = 88%, Black = 48%.} 1-0

[Event "33rd ECCC Open 2017"]
[Site "Antalya"]
[Date "2017.10.14"]
[Round "7"]
[White "Asadli, Vugar"]
[Black "Van de Griendt, Jan Willem"]
[Result "1-0"]
[WhiteElo "2448"]
[BlackElo "2354"]
[Annotator "TA"]
[PlyCount "59"]
[EventType "team-tourn"]
[EventCountry "TUR"]
[SourceTitle "playchess.com"]
[Source "ChessBase"]
[SourceQuality "1"]
[WhiteTeam "Genc"]
[BlackTeam "White Rose"]

{[%evp 20,59,64,65,89,66,138,144,145,138,150,153,155,145,148,142,141,144,170,139,258,240,252,213,239,217,350,357,326,353,395,353,605,597,716,712,1936,1368,1186,1119,29983,29984]} 1. Nf3 Nf6 2. g3 g6 3. b3 Bg7 4. Bb2 d6 5. d4 O-O 6. Bg2 Nc6 7. O-O e5 8. dxe5 Ng4 9. c4 Ngxe5 10. Nxe5 Nxe5 11. Qd2 f5 {E60: King's Indian: Unusual lines and Fianchetto Variation without Nc3} 12. e3 {[%cal Be2e3,Be3f4][%mdl 32]} (12. Nc3 Rb8 13. Rad1 b6 14. Nd5 Be6 15. Qc1 a5 16. Nf4 Bf7 17. Qa1 Qe7 18. Rfe1 g5 19. Nh3 {0-1 (37) Zatonskih,A (2506)-Dembo,Y (2468) Beijing 2011}) 12... g5 $146 ({Better is} 12... c6 $14) ({Predecessor:} 12... h5 13. h4 Re8 14. Nc3 Rb8 15. Rad1 Be6 16. Nd5 b5 17. Nc3 bxc4 18. f4 Rb4 19. Rfe1 Nd3 {0-1 (19) Rapport,J (2296)-Bodnaruk,A (2384) Rijeka 2010}) 13. f4 $16 gxf4 {White is clearly better.} 14. exf4 Ng4 15. Bxg7 Kxg7 16. Nc3 c6 17. Rad1 Qb6+ 18. Kh1 Rf6 19. Rde1 Be6 (19... Rh6 $16 20. h3 Qd8) 20. h3 $18 {[#] Hoping for Na4.} (20. Qxd6 Bxc4 21. Qd7+ Rf7 $11) 20... Nh6 21. Rf3 (21. Qxd6 $6 Bxc4 22. Qe7+ Bf7 $16) 21... Bf7 22. Rfe3 Ng8 (22... Qd8 $142 23. Ne2 Qd7) 23. g4 fxg4 24. Ne4 ({Weaker is} 24. hxg4 Rxf4 25. Ne4 (25. Qxd6 Qd4 $14) 25... d5 $16) 24... Rh6 25. Rg3 Kf8 $2 (25... Qd8 26. Rxg4+ Rg6 27. Nxd6 (27. f5 Rxg4 28. hxg4 Qh4+ 29. Kg1 Re8 $18) 27... Rxg4) 26. Rxg4 Re8 {and the idea ...Qd8 leaves Black hopeful.} 27. f5 {White threatens Rxg8+ and mate.} (27. c5 dxc5 28. Rxg8+ Kxg8 $18) 27... Rxe4 {[#]} 28. Rxg8+ $1 {[%mdl 512]} Kxg8 (28... Bxg8 29. Qxh6+) 29. Rxe4 Rh5 30. Rg4+ {Precision: White = 76%, Black = 16%.} 1-0